Movies Quiz

Random Movies or Clickable Quiz

Prepositions in Movie Titles Quiz Stats

 Plays Quiz Updated Feb 26, 2018

Score 0/36 Timer 05:00
5 Plays Today
% Correct
To
93.4%
With
93.3%
Of
91.9%
Around
91.8%
Against
91.4%
For
91.2%
After
90.1%
By
89.9%
Over
89.5%
At
89.5%
Than
89.2%
Like
89.1%
Without
88%
Upon
87.5%
About
86.4%
Through
86.2%
Till
86%
As
85.7%
% Correct
From
85.2%
Until
84.4%
Under
84.3%
Between
83.5%
Up
82.8%
Behind
82.6%
But
80.1%
In
80%
Into
77.9%
Before
76%
Versus
75.1%
Down
73%
Regarding
71.4%
Across
70.7%
Beyond
65.5%
Inside
61.7%
Along
52.8%
Beneath
45.1%

You're not logged in!

Compare scores with friends on all Sporcle quizzes.
OR
Log In

Show Comments

Extras

Top Quizzes Today


Score Distribution

Your Account Isn't Verified!

In order to create a playlist on Sporcle, you need to verify the email address you used during registration. Go to your Sporcle Settings to finish the process.

Report this User

Report this user for behavior that violates our Community Guidelines.

Details: